| 000 | 00858nam a2200205Ia 4500 | ||
|---|---|---|---|
| 005 | 20240530110943.0 | ||
| 008 | 140319s1926 xx 000 0 ara d | ||
| 040 |
_aGCL / _cGCL |
||
| 082 | 0 | 4 |
_a366.1 / _bم ت |
| 100 | 1 | _aمحمد عبدالله عنان | |
| 245 | 1 | 0 |
_aتاريخ الجمعيات السرية والحركات الهدامة : _bمتضمنا سيرها ونظمها وتعاليمها ووثباتها محلى بالصور التاريخية / _cمحمد عبدالله عنان |
| 260 |
_aالقاهرة : _bمؤسسة دار الهلال، _c2000 |
||
| 300 |
_a223 ص ؛ _c24 سم |
||
| 650 | 0 | 4 | _aالجمعيات السرية |
| 650 | 0 | 4 | _aالشيوعية |
| 650 | 0 | 4 | _aالخرافات الدينية |
| 653 | _aالثورة على الاسلام | ||
| 942 |
_2ddc _cBK |
||
| 999 |
_c66852 _d66852 |
||